Statistics for Random Knowledge 002

Click here to take the quiz!

General Stats

  • This quiz has been taken 15 times
  • The average score is 6 of 15

Answer Stats

HintAnswer% Correct
What city experienced a Great Fire in 1666?London
86%
Other than FDR, name a US President born in New York State.Martin Van Buren, Millard Fillmore, Theodore Roosevelt, Donald Trump
79%
Of these Presidents, one has English as his second language. What was his first?Dutch
71%
Which country in Africa is the largest by land area?Algeria
64%
Which country has the most lakes?Canada
64%
Upon the top of Mt Graham in AZ, USA lies a space telescope. What group/organization owns it?The Vatican
64%
What country spans 15 miles from north to south and 2.5 miles from east to west?Liechtenstein
57%
What country borders it to the north?Austria
50%
What is the only planet in our solar system to rotate clockwise?Venus
43%
What is the collective name for a group of flamingos?a flamboyance
7%
Which fruit is known as the "King of Fruits"?Durian
7%
What was the name of the US President who had a pet alligator?John Quincy Adams
7%
What bird is known as the "laughing bird"?Kookaburra
7%
Alternatively, which is known as the "Queen of Fruits"?Mangosteen
0%
What is the longest English worth with no vowels?Rhythm
0%

Score Distribution

Percentile by Number Answered

Percent of People with Each Score

Your Score History

You have not taken this quiz